Movies Quiz

Random Movies or Star Wars Quiz

Star Wars: Characters by First and Last Lines Quiz Stats

 Plays Quiz Updated Mar 23, 2016

Score 0/32 Timer 06:00
2 Plays Today
First Lines Character % Correct
Ah, hard to see, the dark side is.Yoda
86.1%
*Weep Woop*R2D2
85.5%
Chewy here tells me you're looking for passage to the Alderaan System.Han Solo
84.2%
*Growling*Chewbacca
82.8%
Wassa that? Hey... wait up!Jar-Jar Binks
81%
Doesn't look like we'll have much of a choice, but I'll remind him.Luke Skywalker
79.7%
Darth Vader. Only you could be so bold.Princess Leia Organa
77%
What is it?Emperor Palpatine
74.2%
I was cleaning the fan switches.Anakin Skywalker
72.7%
I have a bad feeling about this...Obi-Wan Kenobi
72.7%
Captain.Qui-Gon Jinn
71.7%
I do not believe the Sith could return without us knowing.Mace Windu
68.7%
You will not be pleased when you hear what I have to say, Viceroy...Your trade boycott of our planet has ended.Padmé Amidala
68.2%
Chowbaso! Tam ka chee Boonta rulee ya, kee madda hodrudda du wundee.Jabba the Hutt
65.8%
Oh! Where is everybody?C3PO
64.7%
You really think that is a wise decision during these stressful times?Senator Bail Organa
64.1%
First Lines Character % Correct
Yep.Boba Fett
62.6%
Why, you slimy, double-crossing, no-good swindler.Lando Calrissian
61.9%
All slaves have a transmitter placed inside their body somewhere.Shmi Skywalker
61%
Well... I guess I'm your stepbrother. I had a feeling you might show up someday.Owen Lars
58.4%
We must persuade the Commerce Guild and the Corporate Alliance to sign the treaty.Count Dooku
46.5%
Look how old you've become.Kylo Ren
45.3%
Yes, of course. As you know, our blockade is perfectly legal and we'd be happy to receive the ambassadors.Nute Gunray
43.7%
The droid will soon be delivered to the Resistance...Supreme Leader Snoke
41.4%
Sir, the villagers.Captain Phasma
38.4%
Well then. If it's on Jakku, we'll soon have it.General Hux
35.1%
Well, because of you now we have a chance. The General's been after this for a long time.Poe Dameron
34.3%
Tal'ama parqual!Rey
27.9%
Han Solo!Maz Kanata
26.7%
Good day to you... what do you want?Watto
24.8%
Yes, Captain.Finn
23.7%
Hello.Beru Lars
6%

You're not logged in!

Compare scores with friends on all Sporcle quizzes.
OR
Log In

You Might Also Like...

Show Comments

Extras

Top Quizzes Today


Score Distribution

Your Account Isn't Verified!

In order to create a playlist on Sporcle, you need to verify the email address you used during registration. Go to your Sporcle Settings to finish the process.

Report this User

Report this user for behavior that violates our Community Guidelines.

Details: